Le Corbusier Sketchbooks 2.1950-1954
Guardado en:
| Formato: | Libro |
|---|---|
| Lenguaje: | inglés |
| Publicado: |
London :
Thames-Hudson,
1981
|
| Edición: | 1.vyd. |
| Materias: | |
| Etiquetas: |
Sin Etiquetas, Sea el primero en etiquetar este registro!
|
MARC
| LEADER | 00000nam a22000003a 4500 | ||
|---|---|---|---|
| 001 | stu10615 | ||
| 005 | 20150408175919.5 | ||
| 008 | 941020s1981----uk------------------eng-d | ||
| 040 | |a STU |b slo | ||
| 041 | 0 | |a eng | |
| 044 | |a uk | ||
| 245 | |a Le Corbusier Sketchbooks 2.1950-1954 | ||
| 250 | |a 1.vyd. | ||
| 260 | |a London : |b Thames-Hudson, |c 1981 | ||
| 300 | |a 541 s | ||
| 650 | 7 | |a architekti európski |2 stusub | |
| 996 | |b 284AU02617 |c A*2328 U |l AAKNAR |s A |a 24 |w stu10615_0001 | ||